| 000 | 00898nam a22001937a 4500 | ||
|---|---|---|---|
| 005 | 20220812132808.0 | ||
| 008 | 220404b ||||| |||| 00| 0 eng d | ||
| 020 | _a9781843762799 | ||
| 050 | _aHD9000.6W765 | ||
| 245 |
_aThe WTO and agriculture (vol 2) / _cedited by Kym Anderson and Tim Josling. |
||
| 260 |
_aCheltenham : _bEdward elgar publishing Inc., _c2005. |
||
| 300 |
_ax, 597p. : _bill. ; _c24cm |
||
| 490 | _3Critical perspectives on the global trading system and the WTO. | ||
| 500 | _aIncludes bibliographical references and index. | ||
| 505 | _aContents: The Growth of agricultural protectionism -- Domestic policies and international trade distortions -- Quantifying the effects of trade-distorting policies pre-uruguay round -- Gatt negotiations and agricultural policies pre-uruguay round. | ||
| 700 |
_aAnderson, Kym. _9143 |
||
| 700 |
_aJosling, Tim. _9144 |
||
| 942 |
_2lcc _cBK |
||
| 999 |
_c8960 _d16460 |
||